| 000 | 01122nas a2200337 4500 | ||
|---|---|---|---|
| 001 | BR2013000779 | ||
| 003 | BR-BrBNA | ||
| 005 | 20231205121838.0 | ||
| 007 | ta | ||
| 008 | 230509b bl.|||p| |||| 00| 00por d | ||
| 040 |
_aBR-BrBNA _bpor _cBiblioteca Nacional de Agricultura |
||
| 041 | _a(Pt) | ||
| 072 | _aF30; Q02 | ||
| 100 | 1 | _aCardoso, L.G.V. | |
| 100 | 1 | _aBarcelo, M. de F.P. | |
| 100 | 1 | _aOliveira, A.F. de | |
| 100 | 1 | _aPereira, J. de A.R. | |
| 100 | 1 | _aAbreu, W.C. de | |
| 100 | 1 | _aPimentel, F. de A. | |
| 100 | 1 | _aCardoso, M. das G. | |
| 100 | 1 | _aPereira, M.C. de A. | |
| 245 | 1 | _aCaracterísticas físico-químicas e perfil de ácidos graxos de azeites obtidos de diferentes variedades de oliveiras introduzidas no sul de Minas Gerais - Brazil | |
| 650 | _aAZEITE | ||
| 650 | _aÁCIDO GRAXO | ||
| 650 | _aPROPRIEDADE FÍSICO-QUÍMICA | ||
| 650 | _aBANCO DE GERMOPLASMA | ||
| 650 | _aMINAS GERAIS | ||
| 773 | 0 |
_tSemina. Ciências Agrarias (Brazil) _xISSN 1676-546X _g(Jan-Mar 2010), v. 31(1) p. 127-136 _wBR2013000779 |
|
| 909 |
_a202311 _bLúcia _c55 _dLúcia Elande |
||
| 942 |
_2AGRIS _n0 _cANA |
||
| 999 |
_c225535 _d225535 |
||